Определение палладия по пику селективного электроокисления висмута из интерметаллического соединения с палладием; Первая международная конференция по интеллектоемким технологиям в энергетике (физическая химия и электрохимия расплавленных и твердых электролитов), 18-22 сентября 2017, Екатеринбург : сборник докладов

Xehetasun bibliografikoak
Parent link:Первая международная конференция по интеллектоемким технологиям в энергетике (физическая химия и электрохимия расплавленных и твердых электролитов), 18-22 сентября 2017, Екатеринбург : сборник докладов.— 2017.— [С. 351-353]
Egile nagusia: Колпакова Н. А. Нина Александровна
Erakunde egilea: Национальный исследовательский Томский политехнический университет (ТПУ) Институт природных ресурсов (ИПР) Кафедра физической и аналитической химии (ФАХ)
Beste egile batzuk: Сабитова Ж. К. Жамиля К.
Gaia:Заглавие с экрана
Hizkuntza:errusiera
Argitaratua: 2017
Gaiak:
Sarrera elektronikoa:http://www.ihte.uran.ru/uploads/Proceedings_.pdf#page=176
Formatua: Baliabide elektronikoa Liburu kapitulua
KOHA link:https://koha.lib.tpu.ru/cgi-bin/koha/opac-detail.pl?biblionumber=656503

MARC

LEADER 00000naa0a2200000 4500
001 656503
005 20250620154424.0
035 |a (RuTPU)RU\TPU\network\22944 
035 |a RU\TPU\network\18828 
090 |a 656503 
100 |a 20171116d2017 k y0rusy50 ca 
101 0 |a rus 
102 |a RU 
135 |a drcn ---uucaa 
181 0 |a i  
182 0 |a b 
200 1 |a Определение палладия по пику селективного электроокисления висмута из интерметаллического соединения с палладием  |f Н. А. Колпакова, Ж. К. Сабитова 
203 |a Текст  |c электронный 
300 |a Заглавие с экрана 
320 |a [Библиогр.: с. 353 (5 назв.)] 
463 |t Первая международная конференция по интеллектоемким технологиям в энергетике (физическая химия и электрохимия расплавленных и твердых электролитов), 18-22 сентября 2017, Екатеринбург : сборник докладов  |l The first international conference on intellect-intensive technologies in power engineering (physical chemistry and electrochemistry of molten and solid state Electrolytes), 18-22 September 2017, Ekaterinburg : proceedings  |v [С. 351-353]  |d 2017 
610 1 |a электронный ресурс 
610 1 |a труды учёных ТПУ 
610 1 |a палладий 
610 1 |a электроокисление 
610 1 |a висмут 
610 1 |a интерметаллические соединения 
675 |a 544.6  |v 3 
700 1 |a Колпакова  |b Н. А.  |c химик  |c девичья фамилия Полукарова  |c профессор Томского политехнического университета, доктор химических наук  |c Почетный химик России (1996 г.)  |f 1942-  |g Нина Александровна  |3 (RuTPU)RU\TPU\pers\21963 
701 1 |a Сабитова  |b Ж. К.  |g Жамиля К. 
712 0 2 |a Национальный исследовательский Томский политехнический университет (ТПУ)  |b Институт природных ресурсов (ИПР)  |b Кафедра физической и аналитической химии (ФАХ)  |3 (RuTPU)RU\TPU\col\18656 
801 1 |a RU  |b 63413507  |c 20141010 
801 2 |a RU  |b 63413507  |c 20171116  |g RCR 
850 |a 63413507 
856 4 |u http://www.ihte.uran.ru/uploads/Proceedings_.pdf#page=176 
942 |c CF